<?xml version="1.0" encoding="UTF-8"?>
<record
    xmlns:xsi="http://www.w3.org/2001/XMLSchema-instance"
    xsi:schemaLocation="http://www.loc.gov/MARC21/slim http://www.loc.gov/standards/marcxml/schema/MARC21slim.xsd"
    xmlns="http://www.loc.gov/MARC21/slim">

  <leader>01058nam a22002657a 4500</leader>
  <controlfield tag="005">2009080405165.0</controlfield>
  <controlfield tag="008">090728t        xxu||||| |||| 00| 0 pun d</controlfield>
  <datafield tag="010" ind1=" " ind2=" ">
    <subfield code="a">PUN-7385</subfield>
  </datafield>
  <datafield tag="020" ind1=" " ind2=" ">
    <subfield code="c">200.00</subfield>
  </datafield>
  <datafield tag="035" ind1=" " ind2=" ">
    <subfield code="a">PN-6503</subfield>
  </datafield>
  <datafield tag="037" ind1=" " ind2=" ">
    <subfield code="b">DBAD / PUB/Chetna Prakshan</subfield>
  </datafield>
  <datafield tag="040" ind1=" " ind2=" ">
    <subfield code="a">dpl</subfield>
    <subfield code="b">PN</subfield>
  </datafield>
  <datafield tag="082" ind1=" " ind2=" ">
    <subfield code="a">852.08</subfield>
  </datafield>
  <datafield tag="100" ind1=" " ind2=" ">
    <subfield code="9">37323</subfield>
    <subfield code="a">&#xA2E;&#xA3E;&#xA28;, &#xA24;&#xA47;&#xA1C;&#xA35;&#xA70;&#xA24;</subfield>
  </datafield>
  <datafield tag="245" ind1=" " ind2=" ">
    <subfield code="a">&#xA38;&#xA2E;&#xA41;&#xA70;&#xA26;&#xA30; &#xA35;&#xA71;&#xA32; &#xA16;&#xA41;&#xA71;&#xA32;&#xA26;&#xA40; &#xA16;&#xA3F;&#xA5C;&#xA15;&#xA40; &#xA26;&#xA3E; &#xA15;&#xA3E;&#xA35;&#xA3F;-&#xA05;&#xA35;&#xA1A;&#xA47;&#xA24;&#xA28; /</subfield>
    <subfield code="c">&#xA24;&#xA47;&#xA1C;&#xA35;&#xA70;&#xA24; &#xA2E;&#xA3E;&#xA28;</subfield>
  </datafield>
  <datafield tag="246" ind1=" " ind2=" ">
    <subfield code="a">Smunder wal khuldi khidki da kav avchetan</subfield>
    <subfield code="b"> by Tejwant Maan</subfield>
  </datafield>
  <datafield tag="260" ind1=" " ind2=" ">
    <subfield code="a">Jagraon Pb</subfield>
    <subfield code="b">Samkal prakashan</subfield>
    <subfield code="c">2011</subfield>
  </datafield>
  <datafield tag="270" ind1=" " ind2=" ">
    <subfield code="a">1173/0, KMR Gulabi Bagh</subfield>
    <subfield code="b">Jagraon</subfield>
    <subfield code="k">094171-91152</subfield>
  </datafield>
  <datafield tag="300" ind1=" " ind2=" ">
    <subfield code="a">144&#xA2A;&#xA02;;</subfield>
    <subfield code="b">21&#xA38;&#xA47;&#xA02;&#xA2E;&#xA40;(&#xA38;&#xA1C;&#xA3F;&#xA32;&#xA26;)</subfield>
  </datafield>
  <datafield tag="650" ind1=" " ind2=" ">
    <subfield code="9">37324</subfield>
  </datafield>
  <datafield tag="650" ind1=" " ind2=" ">
    <subfield code="9">37325</subfield>
  </datafield>
  <datafield tag="700" ind1=" " ind2=" ">
    <subfield code="9">52947</subfield>
  </datafield>
  <datafield tag="942" ind1=" " ind2=" ">
    <subfield code="2">ddc</subfield>
    <subfield code="c">PN</subfield>
    <subfield code="h">852.08</subfield>
    <subfield code="m">&#xA2E;&#xA3E;&#xA28;&#xA24;&#xA47;</subfield>
  </datafield>
  <datafield tag="999" ind1=" " ind2=" ">
    <subfield code="c">70799</subfield>
    <subfield code="d">70799</subfield>
  </datafield>
  <datafield tag="952" ind1=" " ind2=" ">
    <subfield code="0">0</subfield>
    <subfield code="1">0</subfield>
    <subfield code="2">ddc</subfield>
    <subfield code="4">0</subfield>
    <subfield code="7">0</subfield>
    <subfield code="8">NFIC</subfield>
    <subfield code="a">DBAD</subfield>
    <subfield code="b">DBAD</subfield>
    <subfield code="d">2012-10-10</subfield>
    <subfield code="e">DBAD / PUB</subfield>
    <subfield code="g">200.00</subfield>
    <subfield code="l">0</subfield>
    <subfield code="o">852.08 &#xA2E;&#xA3E;&#xA28;&#xA24;&#xA47;</subfield>
    <subfield code="p">PN-6503</subfield>
    <subfield code="r">2012-10-10 00:00:00</subfield>
    <subfield code="t">1</subfield>
    <subfield code="w">2012-10-10</subfield>
    <subfield code="y">PN</subfield>
  </datafield>
</record>
